| 000 -LEADER |
| fixed length control field |
00413nam a22001577a 4500 |
| 008 - FIXED-LENGTH DATA ELEMENTS--GENERAL INFORMATION |
| fixed length control field |
191230b ||||| |||| 00| 0 eng d |
| 082 00 - DEWEY DECIMAL CLASSIFICATION NUMBER |
| Classification number |
621.43 |
| Item number |
K416 |
| 100 ## - MAIN ENTRY--PERSONAL NAME |
| 9 (RLIN) |
121 |
| Personal name |
Kersey, A. T. J. |
| 245 10 - TITLE STATEMENT |
| Title |
Internal combustion engines |
| 250 ## - EDITION STATEMENT |
| Edition statement |
3rd |
| 260 ## - PUBLICATION, DISTRIBUTION, ETC. (IMPRINT) |
| Place of publication, distribution, etc |
London |
| Name of publisher, distributor, etc |
Blackie & Son Ltd. |
| Date of publication, distribution, etc |
1949 |
| 300 ## - PHYSICAL DESCRIPTION |
| Extent |
viii,487p. |
| 365 ## - TRADE PRICE |
| Price amount |
14.10 |
| 650 #0 - SUBJECT ADDED ENTRY--TOPICAL TERM |
| Topical term or geographic name as entry element |
Internal Combustion Engines |
| 942 ## - ADDED ENTRY ELEMENTS (KOHA) |
| Item type |
Books |